Derecho de sociedades y conflictos de leyes una aproximacin̤ contractual /

Bibliographic Details
Main Author: Garcimartn̕ Alfřez, Francisco J
Format: Unknown
Language:Spanish
Published: Madrid : Edersa, 2002
Series:Cuadernos mercantiles (Editoriales de Derecho Reunidas)
Subjects:
Online Access:Acceso restringido

MARC

LEADER 00000ny a22000003n 4500
005 20110531132754.0
008 030428s2002 sp 000 0 spa c
017 |a D.L. M.2419-2002 
020 |a 848494025X 
035 |a 1634 
040 |a SpMaUCDE  |d vLex 
040 |a UMA.RE  |d vLex 
080 |a 341.96:347.72(0.034) 
080 |a 347.72:341.96(0.034) 
090 |c 380  |d 380 
100 1 |a Garcimartn̕ Alfřez, Francisco J 
245 1 0 |a Derecho de sociedades y conflictos de leyes  |h [Recurso electrn̤ico]  |b una aproximacin̤ contractual /  |c Francisco J. Garcimartn̕ Alfřez 
256 |a Servicio en ln̕ea 
260 |a Madrid :  |b Edersa,  |c 2002 
300 |a 327 p. ;  |c 21 cm 
490 1 |a Cuadernos mercantiles;  |v 2 
504 |a Bibliogr.: p. 313-327 
506 1 |a Contenido solo disponible en los productos indicados  |d vLex Global  |d vLex Global (Academic Edition, excluding Law Schools)  |d vLex Global (U.S. Academic Edition, Law Schools)  |d vLex Global (U.S. Academic Edition, excluding Law Schools)  |d vLex Global (Academic Edition, Law Schools) 
650 0 7 |2 Tesauro vLex  |a Societario 
650 0 7 |2 Tesauro vLex  |a Sociedades 
650 0 7 |2 Tesauro vLex  |a Derecho internacional 
650 0 7 |2 Tesauro vLex  |a Civil 
650 0 7 |2 Tesauro vLex  |a Derecho de sociedades 
650 0 7 |2 Tesauro vLex  |a Derecho internacional privado 
740 0 |a vLex Libros (Servicios en ln̕ea) 
830 0 |a Cuadernos mercantiles (Editoriales de Derecho Reunidas) 
856 4 0 |z Acceso restringido  |u http://vlex.com/source/derecho-sociedades-conflicto-leyes-1634 
942 |c BOOK 
999 0 |a International Law   |b Madrid